000
00200nam a22000977a 4500
082
_a
PER
100
_a
Pertab Rai
245
_a
Process equipments of raw
260
_a
London
_b
McGraw Hill
942
_c
BK
999
_c
15323
_d
15323